Retorika: (Record no. 4043)

MARC details
000 -LEADER
fixed length control field 00616nam a22002057a 4500
003 - CONTROL NUMBER IDENTIFIER
control field OSt
005 - DATE AND TIME OF LATEST TRANSACTION
control field 20250819024127.0
008 - FIXED-LENGTH DATA ELEMENTS--GENERAL INFORMATION
fixed length control field 250819b |||||||| |||| 00| 0 eng d
040 ## - CATALOGING SOURCE
Transcribing agency OC
082 ## - DEWEY DECIMAL CLASSIFICATION NUMBER
Classification number Fil. 808 B419r 2001
100 ## - MAIN ENTRY--PERSONAL NAME
Personal name Belvez, P.
245 ## - TITLE STATEMENT
Title Retorika:
Remainder of title mabisang pagsasalita at pagsulat
260 ## - PUBLICATION, DISTRIBUTION, ETC.
Place of publication, distribution, etc. Manila:
Name of publisher, distributor, etc. Rex Book Store,
Date of publication, distribution, etc. c2001.
300 ## - PHYSICAL DESCRIPTION
Extent viii, 288 pages ;
Dimensions 22 cm.
504 ## - BIBLIOGRAPHY, ETC. NOTE
Bibliography, etc. note Talasanggunian.
650 ## - SUBJECT ADDED ENTRY--TOPICAL TERM
Source of heading or term Retorika.
700 ## - ADDED ENTRY--PERSONAL NAME
Personal name Teresita S. Buensuceso
700 ## - ADDED ENTRY--PERSONAL NAME
Personal name Pamfilo Catacataca
942 ## - ADDED ENTRY ELEMENTS (KOHA)
Source of classification or shelving scheme Dewey Decimal Classification
Koha item type Book-Filipiniana
Classification part Fil. 808 B419r 2001
Call number prefix Fil.
Suppress in OPAC No
952 ## - LOCATION AND ITEM INFORMATION (KOHA)
--
952 ## - LOCATION AND ITEM INFORMATION (KOHA)
--
952 ## - LOCATION AND ITEM INFORMATION (KOHA)
--
Holdings
Withdrawn status Lost status Source of classification or shelving scheme Damaged status Not for loan Home library Current library Date acquired Source of acquisition Cost, normal purchase price Total Checkouts Full call number Barcode Date last seen Copy number Price effective from Koha item type Uniform Resource Identifier
    Dewey Decimal Classification     College Library College Library 11/16/2004 School Fund 210.00   Fil. 808 B419r 2001 CL41075 08/19/2025 c5 08/19/2025 BK - FIL
    Dewey Decimal Classification     College Library College Library 11/16/2004 School Fund 210.00   Fil. 808 B419r 2001 CL41074 08/19/2025 c4 08/19/2025 BK - FIL
    Dewey Decimal Classification     College Library College Library 11/16/2004 School Fund 210.00   Fil. 808 B419r 2001 CL41073 08/19/2025 c3 08/19/2025 BK - FIL